Chemical engineering kinetics (Record no. 6589)

000 -LEADER
fixed length control field 00510nam a2200193 4500
001 - CONTROL NUMBER
control field 6589
003 - CONTROL NUMBER IDENTIFIER
control field BD-DhUET
008 - FIXED-LENGTH DATA ELEMENTS--GENERAL INFORMATION
fixed length control field 700825s1970 nyua b 001 0 eng
040 ## - CATALOGING SOURCE
Transcribing agency 0
Modifying agency BD-DhUET
Original cataloging agency DLC
082 00 - DEWEY DECIMAL CLASSIFICATION NUMBER
Classification number 541.39
Item number SMI/1970
100 ## - MAIN ENTRY--PERSONAL NAME
Personal name Smith, J. M.
245 10 - TITLE STATEMENT
Title Chemical engineering kinetics
250 ## - EDITION STATEMENT
Edition statement 2nd ed.
260 ## - PUBLICATION, DISTRIBUTION, ETC. (IMPRINT)
Place of publication, distribution, etc. New York
Name of publisher, distributor, etc. McGraw-Hill
Date of publication, distribution, etc. 1970
300 ## - PHYSICAL DESCRIPTION
Extent xviii, 612p.
Other physical details ill.
490 0# - SERIES STATEMENT
Series statement McGraw-Hill chemical engineering series
650 #0 - SUBJECT ADDED ENTRY--TOPICAL TERM
Topical term or geographic name as entry element Kinetics : Physical chemistry
942 ## - ADDED ENTRY ELEMENTS (KOHA)
Koha item type General Book
Holdings
Piece designation (barcode) Koha item type Copy number Sublocation or collection (holding branch) Location (home branch) Shelving location Price effective from Koha full call number Koha normalized classification for sorting Koha date last seen Date acquired Not for loan Withdrawn status Lost status Damaged status Source of classification or shelving scheme
84576General Book1Central Library, BUETCentral Library, BUETCirculation section2014-12-04541.39/SMI/1970541_390000000000000_SMI_19702014-12-042014-12-04     
29865General Book2Central Library, BUETCentral Library, BUETCirculation section2014-12-12541.39/SMI/1970541_390000000000000_SMI_19702014-12-122014-12-12     
29867General Book3Central Library, BUETCentral Library, BUETCirculation section2014-12-12541.39/SMI/1970541_390000000000000_SMI_19702014-12-122014-12-12     
29863General Book4Central Library, BUETCentral Library, BUETCirculation section2014-12-12541.39/SMI/1970541_390000000000000_SMI_19702014-12-122014-12-12     
29871General Book5Central Library, BUETCentral Library, BUETCirculation section2015-03-11541.39/SMI/1970541_390000000000000_SMI_19702015-03-112015-03-11     
29868General Book6Central Library, BUETCentral Library, BUETCirculation section2015-03-14541.39/SMI/1970541_390000000000000_SMI_19702015-03-142015-03-14     
37045General Book7Central Library, BUETCentral Library, BUETCirculation section2015-03-14541.39/SMI/1970541_390000000000000_SMI_19702015-03-142015-03-14     
29869General Book8Central Library, BUETCentral Library, BUETCirculation section2015-04-23541.39/SMI/1970541_390000000000000_SMI_19702015-04-232015-04-23     
29859General Book9Central Library, BUETCentral Library, BUETCirculation section2015-04-23541.39/SMI/1970541_390000000000000_SMI_19702015-04-232015-04-23     
29870General Book10Central Library, BUETCentral Library, BUETCirculation section2015-04-26541.39/SMI/1970541_390000000000000_SMI_19702015-04-262015-04-26     
29861General Book11Central Library, BUETCentral Library, BUETCirculation section2015-04-26541.39/SMI/1970541_390000000000000_SMI_19702015-04-262015-04-26     
25967General Book12Central Library, BUETCentral Library, BUETCirculation section2015-04-27541.39/SMI/1970541_390000000000000_SMI_19702015-04-272015-04-27     
29860General Book13Central Library, BUETCentral Library, BUETCirculation section2015-04-27541.39/SMI/1970541_390000000000000_SMI_19702015-04-272015-04-27     
29862Reading Item14Central Library, BUETCentral Library, BUETReading section2015-06-08541.39/SMI/1970541_390000000000000_SMI_19702015-06-082015-06-08     
29866Reading Item15Central Library, BUETCentral Library, BUETReading section2015-06-08541.39/SMI/1970541_390000000000000_SMI_19702015-06-082015-06-08     
29872Reading Item16Central Library, BUETCentral Library, BUETReading section2015-06-08541.39/SMI/1970541_390000000000000_SMI_19702015-06-082015-06-08     
29864Reading Item17Central Library, BUETCentral Library, BUETReading section2015-06-08541.39/SMI/1970541_390000000000000_SMI_19702015-06-082015-06-08